[Event "Reykjavik Open 2026"]
[Site "Reykjavik ISL"]
[Date "2026.03.26"]
[Round "3.34"]
[White "Pleschke, Julius Jonas"]
[Black "Yip, Carissa"]
[Result "0-1"]
[WhiteTitle "CM"]
[BlackTitle "IM"]
[WhiteElo "2208"]
[BlackElo "2486"]
[WhiteFideId "54734258"]
[BlackFideId "2090732"]
[EventDate "2026.03.25"]

1. d4 g6 2. c4 Bg7 3. Nc3 c5 4. d5 Bxc3+ 5. bxc3 e5 6. e4 d6 7. Bd3 Nd7 8. Nf3
Qe7 9. O-O Kd8 10. Qe2 Kc7 11. a4 a5 12. Ne1 h5 13. Nc2 g5 14. Na3 Ra6 15. Be3
h4 16. Rfb1 Nh6 17. Kf1 Rg8 18. Ke1 f5 19. f3 f4 20. Bf2 g4 21. Kd2 Nf8 22. Rg1
Nf7 23. Kc2 Ra8 24. Nb5+ Kd8 25. Rab1 Bd7 26. Kc1 b6 27. Kc2 Kc8 28. Qd1 g3 29.
hxg3 fxg3 30. Be3 Ng6 31. Qd2 Qf6 32. Qc1 Nf4 33. Qb2 Ra6 34. Na7+ Kc7 35. Nc6
Rga8 36. Rbd1 Nd8 37. Kb3 Nxc6 38. dxc6 Bxc6 39. Ka3 Rf8 40. Bf1 Raa8 41. Qd2
Rad8 42. Rb1 Rd7 43. Rb2 Rg7 44. Rb1 Rh8 45. Qb2 Rb8 46. Qd2 Ne6 47. Rh1 Rh7 48.
Kb3 Nf4 49. Ka3 Bd7 50. Rd1 Rh6 51. Rg1 Rg6 52. Rh1 h3 53. Bxf4 Qxf4 54. gxh3
Qxf3 55. Bg2 Qf2 56. Rhf1 Qxd2 57. Rxd2 Be6 58. Kb3 b5 59. axb5 Rxb5+ 60. Ka4
Bxc4 61. Rf7+ Kc6 62. Bf1 Bxf7 63. Bxb5+ Kc7 64. Bf1 Rf6 65. Bb5 Rf4 66. Rg2
Rxe4+ 67. Kxa5 Re3 68. Rc2 Bd5 69. h4 g2 0-1

[Event "Reykjavik Open 2026"]
[Site "Reykjavik ISL"]
[Date "2026.03.26"]
[Round "3.35"]
[White "Chen, Qi b"]
[Black "Mahalakshmi, M"]
[Result "1/2-1/2"]
[WhiteTitle "IM"]
[BlackTitle "WIM"]
[WhiteElo "2484"]
[BlackElo "2232"]
[WhiteFideId "8614733"]
[BlackFideId "5001080"]
[EventDate "2026.03.25"]

1. e4 c6 2. d4 d5 3. f3 dxe4 4. fxe4 e5 5. Nf3 Bg4 6. c3 Nd7 7. Be2 Ngf6 8. Nbd2
exd4 9. cxd4 Bb4 10. O-O O-O 11. Qc2 Bh5 12. Bd3 Bg6 13. Nh4 c5 14. Nxg6 hxg6
15. d5 Rc8 16. b3 Ng4 17. Nc4 b5 18. Be2 Nxh2 19. Kxh2 bxc4 20. Bxc4 Qh4+ 21.
Kg1 Nf6 22. Rxf6 gxf6 23. Bb2 Be1 24. Bxf6 Qxf6 25. Rxe1 Rfe8 26. Qf2 Qd6 27.
Rf1 Re7 28. Qf6 Rd8 29. e5 Qxe5 30. d6 Qxf6 31. Rxf6 Red7 32. Rxg6+ Kf8 33. Rf6
Kg7 34. Rf5 f6 35. Rxc5 Rxd6 36. a4 R8d7 1/2-1/2

[Event "Reykjavik Open 2026"]
[Site "Reykjavik ISL"]
[Date "2026.03.26"]
[Round "3.36"]
[White "Lavrencic, Matic"]
[Black "Mannion, Stephen R"]
[Result "1/2-1/2"]
[WhiteTitle "IM"]
[BlackTitle "IM"]
[WhiteElo "2472"]
[BlackElo "2202"]
[WhiteFideId "14637847"]
[BlackFideId "2400111"]
[EventDate "2026.03.25"]

1. e4 e5 2. Nf3 Nc6 3. Bb5 a6 4. Ba4 Nf6 5. O-O Be7 6. Re1 b5 7. Bb3 d6 8. c3
O-O 9. h3 Na5 10. Bc2 c5 11. d4 Qc7 12. d5 Nc4 13. b3 Nb6 14. Be3 g6 15. Nbd2
Nh5 16. Nf1 Ng7 17. Bh6 c4 18. b4 a5 19. a3 Bd7 20. Qd2 Ra6 21. N3h2 Rfa8 22.
Rac1 axb4 23. axb4 Ra2 24. f4 f6 25. Ne3 Nh5 26. fxe5 dxe5 27. Neg4 g5 28. h4
gxh4 29. Qf2 Bxg4 30. Nxg4 Ng3 31. Nxf6+ Kh8 32. Be3 Nd7 33. Nxh7 Rg8 34. Ra1
Rxa1 1/2-1/2

[Event "Reykjavik Open 2026"]
[Site "Reykjavik ISL"]
[Date "2026.03.26"]
[Round "3.37"]
[White "Loncke, Matthieu"]
[Black "Agmanov, Zhandos"]
[Result "1/2-1/2"]
[BlackTitle "IM"]
[WhiteElo "2263"]
[BlackElo "2463"]
[WhiteFideId "45197148"]
[BlackFideId "13708309"]
[EventDate "2026.03.25"]

1. d4 Nf6 2. c4 e6 3. Nc3 d5 4. Bg5 Be7 5. e3 O-O 6. Nf3 h6 7. Bh4 b6 8. Qb3 Bb7
9. Bxf6 Bxf6 10. cxd5 exd5 11. Rd1 Qd6 12. Bd3 c5 13. dxc5 Bxc3+ 14. Qxc3 bxc5
15. O-O Nd7 16. Bf5 Nf6 17. Rc1 g6 18. Bb1 Rac8 19. Qe5 Qb6 20. Qf4 Kg7 21. b3
Rfe8 22. Rfd1 a5 23. Ne5 Rcd8 24. Ng4 Ng8 25. h4 Bc8 26. Ne5 Nf6 27. Rd2 Re7 28.
Rcd1 Rde8 29. Nf3 Bb7 30. Bd3 Nh5 31. Qg4 Bc6 32. Qh3 Bb7 33. Bf1 Nf6 34. Bd3
Bc8 35. Qg3 Bb7 36. Qh3 Qb4 37. Qg3 Bc8 38. Rc2 Qb6 39. Rdc1 Rc7 40. Nd4 Bd7 41.
Nf5+ Bxf5 42. Bxf5 Ree7 43. Bd3 Qb4 44. Qf4 Qb6 45. g3 Rc6 46. Qf3 Rc8 47. Kg2
h5 48. Bf1 Re5 49. Kg1 Ne4 50. Bg2 Nf6 51. Bf1 1/2-1/2

[Event "Reykjavik Open 2026"]
[Site "Reykjavik ISL"]
[Date "2026.03.26"]
[Round "3.38"]
[White "Akhmetov, Kirill"]
[Black "Tsatsalashvili, Keti"]
[Result "0-1"]
[BlackTitle "WGM"]
[WhiteElo "2028"]
[BlackElo "2305"]
[WhiteFideId "40103412"]
[BlackFideId "13603434"]
[EventDate "2026.03.25"]

1. d4 Nf6 2. c4 e6 3. Bf4 b6 4. a3 Bb7 5. Nc3 d5 6. cxd5 Nxd5 7. Nxd5 Bxd5 8.
Rc1 Bd6 9. Bxd6 cxd6 10. e3 O-O 11. Nf3 Nd7 12. Bd3 Nf6 13. O-O Ne4 14. Nd2 Nxd2
15. Qxd2 Qg5 16. f4 Qe7 17. e4 Bb7 18. Rc2 Rac8 19. Rfc1 g6 20. Rxc8 Rxc8 21.
Rxc8+ Bxc8 22. Qc3 Bb7 23. g3 Qd7 24. Bc2 Bc6 25. Bd3 Bb7 26. Bc2 Qb5 27. Bd3
Qh5 28. Kg2 Bxe4+ 29. Bxe4 Qe2+ 30. Kg1 Qxe4 31. Qb4 Qc6 32. Kf2 a5 33. Qd2 Qh1
34. Ke3 Qg1+ 35. Kf3 h5 36. h4 Qf1+ 37. Ke3 Qc4 38. Kf2 Kf8 39. Ke3 Qc6 40. Kf2
Kg8 41. Ke3 Qd5 42. Qc2 b5 43. Qd2 Qb3+ 44. Kf2 b4 45. axb4 axb4 46. Qe2 Qd5 47.
Qd2 Qc4 48. Ke3 Kf8 49. Qd3 Qc6 50. Kd2 Ke7 51. Qb3 Qg2+ 52. Kd3 Qxg3+ 53. Kc4
Qxb3+ 54. Kxb3 f6 55. Kxb4 g5 56. fxg5 fxg5 57. hxg5 h4 58. g6 h3 59. g7 Kf7 60.
Kb5 h2 61. Kc6 h1=Q+ 0-1

[Event "Reykjavik Open 2026"]
[Site "Reykjavik ISL"]
[Date "2026.03.26"]
[Round "3.39"]
[White "Sayce, Hannah"]
[Black "Quirke, Jeffrey"]
[Result "0-1"]
[WhiteTitle "WCM"]
[WhiteElo "1889"]
[BlackElo "2075"]
[WhiteFideId "3250695"]
[BlackFideId "2013029"]
[EventDate "2026.03.25"]

1. e4 e5 2. Nf3 Nc6 3. Bb5 a6 4. Ba4 b5 5. Bb3 g6 6. c3 Bg7 7. d4 exd4 8. cxd4
Nge7 9. Be3 Na5 10. Nbd2 d5 11. e5 Nc4 12. Bxc4 dxc4 13. Ne4 h6 14. Nc5 Qd5 15.
Qd2 Bg4 16. Qe2 Nf5 17. h3 Bxf3 18. Qxf3 Qxf3 19. gxf3 Bf8 20. Ne4 O-O-O 21.
O-O-O c6 22. Kc2 Be7 23. b3 cxb3+ 24. Kxb3 Rd7 25. Rd2 Rhd8 26. Rhd1 Kb7 27. a3
Nh4 28. Rc2 Nxf3 29. Rdc1 Rc8 30. Kc3 Bxa3 31. Ra1 Be7 32. Rca2 Ra8 33. Bxh6
Rxd4 34. Re2 Rad8 35. Bf4 Rc4+ 36. Kb2 Rb4+ 37. Kc3 Nd4 38. Rea2 Rc4+ 39. Kb2
Rc2+ 40. Kb1 Rxa2 41. Rxa2 Ne6 42. Be3 c5 43. Re2 a5 44. Rb2 Kc6 45. Nc3 b4 46.
Ne4 c4 47. Ra2 Rd1+ 48. Kb2 Kb5 49. Ng3 a4 50. Bc1 Nd4 51. Ne4 c3+ 52. Kb1 Nb3
53. Rc2 a3 54. Rxc3 Nxc1 55. Rxc1 a2+ 0-1

[Event "Reykjavik Open 2026"]
[Site "Reykjavik ISL"]
[Date "2026.03.26"]
[Round "3.40"]
[White "Kadovic, Tamara"]
[Black "Grettisson, Arnar Breki"]
[Result "0-1"]
[WhiteElo "1602"]
[BlackElo "1808"]
[WhiteFideId "16512065"]
[BlackFideId "2322790"]
[EventDate "2026.03.25"]

1. e4 e5 2. Nf3 Nc6 3. d4 exd4 4. Nxd4 Bc5 5. Nxc6 Qf6 6. Qe2 dxc6 7. Nc3 Ne7 8.
Bd2 Ng6 9. g3 Ne5 10. f4 Ng4 11. e5 Qd8 12. Ne4 Qe7 13. Nxc5 Qxc5 14. h3 Nh6 15.
O-O-O Nf5 16. Qd3 Qd5 17. Rg1 Qxa2 18. Bc3 O-O 19. b3 Qa3+ 20. Bb2 Qc5 21. Be2
Qe3+ 22. Kb1 Qxd3 23. Bxd3 Ne3 24. Rde1 Nd5 25. f5 Re8 26. h4 a5 27. h5 a4 28.
f6 gxf6 29. exf6 Bg4 30. Rxe8+ Rxe8 31. h6 axb3 32. cxb3 Re3 33. Bc4 Bf5+ 34.
Ka1 Nb4 35. g4 Bg6 36. Rd1 Re8 37. Be5 b5 38. Bf1 Ra8+ 39. Kb2 Nd5 40. Rd2 Kf8
41. Bxb5 cxb5 42. Rxd5 c6 43. Bd6+ Ke8 44. Re5+ Kd7 45. Bc5 Re8 46. Re7+ Rxe7
47. fxe7 f6 48. Kc3 Bf7 49. b4 Be6 50. Kd4 Bxg4 51. Ke4 Be6 52. Kf4 Ke8 53. Ke4
Kf7 54. Kd4 Bd7 55. Bd6 Kg6 56. Bf4 Kf5 57. Bd6 Kg5 58. Kc5 Kxh6 59. Bf4+ Kg7
60. Kd6 Be8 61. Kc7 Kf7 62. Kd8 c5 63. bxc5 b4 64. Bd2 b3 65. Bc3 f5 66. Kc7 f4
67. Kd6 f3 68. c6 Bxc6 0-1

[Event "Reykjavik Open 2026"]
[Site "Reykjavik ISL"]
[Date "2026.03.26"]
[Round "3.41"]
[White "Williams, Simon K"]
[Black "Maurizzi, MarcAndria"]
[Result "0-1"]
[WhiteTitle "GM"]
[BlackTitle "GM"]
[WhiteElo "2443"]
[BlackElo "2614"]
[WhiteFideId "404454"]
[BlackFideId "36083534"]
[EventDate "2026.03.25"]

1. d4 Nf6 2. Nf3 d5 3. c4 e6 4. Nc3 a6 5. c5 Nc6 6. Bf4 Nh5 7. e3 Nxf4 8. exf4
b6 9. b4 g6 10. b5 axb5 11. Bxb5 Bd7 12. Bxc6 Bxc6 13. Ne5 Bd7 14. O-O bxc5 15.
Re1 Be7 16. f5 O-O 17. fxe6 fxe6 18. Qg4 Rf5 19. Nxg6 Rg5 20. Nxe7+ Qxe7 21. Qf3
Qg7 22. h4 Rf5 23. Qd3 Raf8 24. Re5 cxd4 25. Rxf5 Rxf5 26. Ne2 e5 27. Ng3 Rf8
28. Rc1 c6 29. Qb3 Qf6 30. Rf1 Qe6 31. a4 c5 32. a5 c4 33. Qb4 c3 34. h5 Rc8 35.
a6 Qxa6 36. f4 c2 37. Rc1 d3 38. fxe5 Qh6 0-1

[Event "Reykjavik Open 2026"]
[Site "Reykjavik ISL"]
[Date "2026.03.26"]
[Round "3.43"]
[White "Kristinsson, Ogmundur"]
[Black "Garifullina, Leya"]
[Result "0-1"]
[BlackTitle "IM"]
[WhiteElo "1996"]
[BlackElo "2454"]
[WhiteFideId "2304724"]
[BlackFideId "34127035"]
[EventDate "2026.03.25"]

1. c4 e5 2. Nc3 Bb4 3. g3 Bxc3 4. bxc3 Nc6 5. Bg2 Nge7 6. Nf3 d6 7. O-O O-O 8.
d4 f6 9. a4 Bg4 10. Ba3 Kh8 11. d5 Na5 12. Nd2 b6 13. Bb4 Nb7 14. a5 Qd7 15. f3
Bh3 16. Ne4 Bxg2 17. Kxg2 h6 18. Qa4 Qc8 19. a6 Nd8 20. Rad1 Nf7 21. Ba3 f5 22.
Nf2 Ng5 23. Bc1 Nh7 24. f4 exf4 25. Bxf4 Nf6 26. Be3 Ng6 27. Bd4 f4 28. Qc2 Qe8
29. Nd3 Qe4+ 30. Rf3 fxg3 31. hxg3 Nh7 32. Qd2 Ng5 33. Nf2 Qe7 34. Rh1 Kg8 35.
Rxf8+ Rxf8 36. Qd3 Qe8 37. Qe3 Qf7 38. Nh3 Nxh3 39. Kxh3 Qf5+ 40. Kg2 Rf7 41.
Qd3 Qg4 42. Be3 Ne5 43. Qc2 Qxc4 0-1

[Event "Reykjavik Open 2026"]
[Site "Reykjavik ISL"]
[Date "2026.03.26"]
[Round "3.44"]
[White "Baskin, Robert"]
[Black "Oskarsson, Markus Orri"]
[Result "0-1"]
[WhiteTitle "IM"]
[WhiteElo "2435"]
[BlackElo "2049"]
[WhiteFideId "24662402"]
[BlackFideId "2320118"]
[EventDate "2026.03.25"]

1. e4 e6 2. d4 d5 3. e5 c5 4. c3 Nc6 5. Nf3 Qb6 6. a3 c4 7. Nbd2 Na5 8. Be2 Bd7
9. Rb1 Ne7 10. h4 O-O-O 11. h5 h6 12. Nf1 Kb8 13. Bf4 Nc8 14. Ne3 Qc7 15. Bg3
Be7 16. Bh4 f6 17. g4 Nc6 18. Bg3 fxe5 19. dxe5 Rhf8 20. Nc2 Rf7 21. Ncd4 Rdf8
22. Nh4 Nxd4 23. cxd4 Qa5+ 24. Kf1 Bg5 25. Ng6 Ba4 26. b3 Qc3 27. Kg2 Bxb3 28.
Rxb3 cxb3 29. Nxf8 Rxf8 30. Qd3 Bd2 31. Rd1 b2 32. Rxd2 Qxd2 33. Qxd2 b1=Q 34.
g5 Qe4+ 35. f3 Qf5 36. Bh4 Qf4 37. Qxf4 Rxf4 38. Kg3 Rxh4 39. Kxh4 Ne7 40. f4
Nf5+ 41. Kg4 Nxd4 42. gxh6 gxh6 43. Bd3 Kc7 44. f5 exf5+ 45. Bxf5 b5 46. Bd3 Kd7
47. Kf4 Ke6 48. Bh7 Ne2+ 49. Ke3 Ng1 50. Bd3 Nh3 51. Kd4 Ng1 52. Ke3 Kxe5 53.
Bf1 a5 54. Kf2 b4 55. a4 b3 56. Kxg1 Ke4 57. Bg2+ Kd4 58. Bh3 b2 59. Bf5 Ke3 60.
Kf1 Kd2 61. Kf2 d4 62. Bb1 Kc1 0-1

[Event "Reykjavik Open 2026"]
[Site "Reykjavik ISL"]
[Date "2026.03.26"]
[Round "3.45"]
[White "Stefansson, Hannes"]
[Black "Birkisson, Bjorn Holm"]
[Result "1/2-1/2"]
[WhiteTitle "GM"]
[BlackTitle "CM"]
[WhiteElo "2417"]
[BlackElo "2200"]
[WhiteFideId "2300087"]
[BlackFideId "2310600"]
[EventDate "2026.03.25"]

1. e4 e5 2. Nf3 Nc6 3. Bb5 a6 4. Ba4 Nf6 5. O-O Be7 6. d3 b5 7. Bb3 d6 8. c3 Na5
9. Bc2 c5 10. d4 Qc7 11. d5 c4 12. b4 cxb3 13. axb3 O-O 14. h3 Bd7 15. Ba3 Bd8
16. Nbd2 Nb7 17. c4 Qb8 18. Bd3 Bb6 19. b4 a5 20. cxb5 axb4 21. Bxb4 Rxa1 22.
Qxa1 Nc5 23. Bxc5 Bxc5 24. Nb3 Bb6 25. Qd1 Qe8 26. Nh4 Bxb5 27. Nf5 Bxd3 28.
Qxd3 Qd7 29. Ra1 g6 30. Ne3 Bxe3 31. Qxe3 Rb8 32. Ra7 Rb7 33. Ra6 Nxe4 34. Na5
Rb1+ 35. Kh2 Nc5 36. Ra8+ Kg7 37. Nc6 Qf5 38. Rg8+ Kf6 39. Rd8 Ne4 40. f3 Rh1+
41. Kxh1 Ng3+ 42. Kg1 Qb1+ 43. Kf2 Nh1+ 44. Ke2 Ng3+ 45. Kf2 Nh1+ 46. Ke2 1/2-1/2

[Event "Reykjavik Open 2026"]
[Site "Reykjavik ISL"]
[Date "2026.03.26"]
[Round "3.46"]
[White "Birkisson, Bardur Orn"]
[Black "Kjartansson, Gudmundur"]
[Result "1/2-1/2"]
[WhiteTitle "FM"]
[BlackTitle "GM"]
[WhiteElo "2207"]
[BlackElo "2416"]
[WhiteFideId "2310597"]
[BlackFideId "2301318"]
[EventDate "2026.03.25"]

1. d4 Nf6 2. c4 g6 3. Nc3 d5 4. e3 Bg7 5. cxd5 Nxd5 6. Nxd5 Qxd5 7. Ne2 b6 8.
Nc3 Qd7 9. Bb5 c6 10. Be2 O-O 11. O-O Bb7 12. Bf3 Rd8 13. Qb3 e6 14. Rd1 Qc8 15.
Bd2 Na6 16. Na4 Rb8 17. Rac1 c5 18. Bxb7 Rxb7 19. Be1 Rc7 20. dxc5 Rxd1 21. Rxd1
Nxc5 22. Nxc5 Rxc5 23. Bb4 Rc1 24. Bc3 Rxd1+ 25. Qxd1 Bxc3 26. Qc2 b5 27. bxc3
b4 28. c4 Qc5 29. g3 a5 30. h4 Kf8 31. Qe4 Kg7 32. Qa8 h6 33. Qa6 Kf6 34. Qa8 e5
35. Qa6+ Kf5 36. Qa8 Qxc4 37. Qxa5 Ke4 38. Qa4 Kd3 39. Qd1+ Kc3 40. Qc1+ Kd3 41.
Qf1+ Kc3 42. Qc1+ Kd3 43. Qf1+ Kc3 1/2-1/2

[Event "Reykjavik Open 2026"]
[Site "Reykjavik ISL"]
[Date "2026.03.26"]
[Round "3.47"]
[White "Liu, Bei"]
[Black "Yilmaz, Mustafa"]
[Result "1/2-1/2"]
[BlackTitle "GM"]
[WhiteElo "1963"]
[BlackElo "2582"]
[WhiteFideId "8603596"]
[BlackFideId "6302718"]
[EventDate "2026.03.25"]

1. e4 c5 2. Nf3 d6 3. d4 cxd4 4. Nxd4 Nf6 5. Nc3 a6 6. Be3 e5 7. Nb3 Be6 8. Qd2
Nbd7 9. f3 h5 10. Nd5 Bxd5 11. exd5 g6 12. O-O-O Nb6 13. Kb1 Nbxd5 14. Bg5 Be7
15. c4 Nb6 16. Bxf6 Bxf6 17. Qxd6 Qxd6 18. Rxd6 Nd7 19. Be2 Rc8 20. Rhd1 Rc7 21.
Nd2 Be7 22. Rd5 f5 23. Nb3 Rf8 24. a3 Rf6 25. Nc1 Re6 26. Nd3 Bd6 27. Nc1 Ke7
28. b4 e4 29. fxe4 Nf6 30. Rxd6 Rxd6 31. e5 Rxd1 32. exf6+ Kxf6 33. Bxd1 Rxc4
34. Bf3 b6 35. Be2 Rh4 36. Bxa6 Rxh2 37. Bb7 Ke5 38. a4 Kd6 39. a5 bxa5 40. bxa5
Kc7 41. a6 h4 42. Nd3 g5 43. Kc1 Kb6 44. Kd1 h3 45. gxh3 Rxh3 46. Ke2 Rh2+ 47.
Kf3 Rh3+ 48. Ke2 Rh2+ 49. Kf3 Rc2 50. Ne5 Rc3+ 51. Kf2 g4 52. Ng6 Ra3 53. Ne7
Rxa6 54. Bxa6 Kxa6 1/2-1/2

[Event "Reykjavik Open 2026"]
[Site "Reykjavik ISL"]
[Date "2026.03.26"]
[Round "3.48"]
[White "Unuk, Laura"]
[Black "Schuurmans, Arjan"]
[Result "1-0"]
[WhiteTitle "IM"]
[WhiteElo "2314"]
[BlackElo "1913"]
[WhiteFideId "14609215"]
[BlackFideId "1084763"]
[EventDate "2026.03.25"]

1. d4 Nf6 2. c4 g6 3. Nf3 d5 4. cxd5 Nxd5 5. g3 Bg7 6. Bg2 O-O 7. O-O Nb6 8. Nc3
Nc6 9. e3 Na5 10. Qe2 c6 11. Rd1 Be6 12. Ng5 Bc4 13. Qg4 h6 14. Nge4 Be6 15. Qe2
Nd5 16. Bd2 b6 17. Be1 Nb7 18. Rac1 Qd7 19. Nb1 Bg4 20. f3 Be6 21. Bf2 Rfd8 22.
a3 a5 23. Ned2 b5 24. Ne4 Qe8 25. Qc2 f5 26. Qxc6 Qxc6 27. Rxc6 Bd7 28. Rcc1
fxe4 29. fxe4 Nb6 30. e5 Bc8 31. Rc6 Nc4 32. Rc1 Nxb2 33. Rb6 Nc4 34. Rxb5 Nxe5
35. dxe5 a4 36. Bxb7 Rb8 37. Bd5+ 1-0

[Event "Reykjavik Open 2026"]
[Site "Reykjavik ISL"]
[Date "2026.03.26"]
[Round "3.49"]
[White "Laureano, Dereck"]
[Black "Liang, Hairan"]
[Result "0-1"]
[BlackTitle "CM"]
[WhiteElo "1891"]
[BlackElo "2150"]
[WhiteFideId "2076926"]
[BlackFideId "2620278"]
[EventDate "2026.03.25"]

1. b3 e5 2. Bb2 e4 3. c4 c6 4. g3 d5 5. Bg2 Nf6 6. cxd5 cxd5 7. Nc3 Bf5 8. Nb5
Nc6 9. Bxf6 gxf6 10. Nh3 d4 11. a4 h5 12. Nf4 h4 13. Qb1 hxg3 14. fxg3 d3 15. e3
Bb4 16. Qb2 Rc8 17. O-O a6 18. Nc3 Bxc3 19. Qxc3 Ne5 20. Qb4 Qe7 21. Qxe7+ Kxe7
22. Nd5+ Ke6 23. Rxf5 Kxf5 24. Ne7+ Ke6 25. Nxc8 Rxc8 26. Bxe4 Rc2 27. Rd1 b6
28. Bb7 a5 29. h4 Rb2 30. e4 Kd6 31. Bd5 f5 32. Kf2 fxe4 33. Bxe4 Rxb3 34. Ke3
Ng4+ 35. Kf3 Ne5+ 36. Ke3 Nc4+ 37. Kd4 Rb4 38. Kc3 Nb2 39. Re1 Nxa4+ 40. Kxd3
Nc5+ 0-1

[Event "Reykjavik Open 2026"]
[Site "Reykjavik ISL"]
[Date "2026.03.26"]
[Round "3.50"]
[White "Pollitt, Henry"]
[Black "Kamp, Adrian"]
[Result "0-1"]
[WhiteElo "1864"]
[BlackElo "2136"]
[WhiteFideId "2644916"]
[BlackFideId "16222466"]
[EventDate "2026.03.25"]

1. e4 c5 2. c3 d5 3. exd5 Qxd5 4. d4 g6 5. Nf3 Bg7 6. Be3 cxd4 7. cxd4 Qa5+ 8.
Nc3 Nh6 9. Bb5+ Bd7 10. Bxd7+ Nxd7 11. O-O O-O 12. Qb3 Nb6 13. Rac1 Nf5 14. Ne4
Qd5 15. Ng3 Qxb3 16. axb3 Nxg3 17. hxg3 Nd5 18. Rc5 Rfd8 19. Rfc1 h6 20. Kf1 e6
21. Ke2 Bf8 22. R5c4 Kg7 23. Ne5 Bd6 24. Nd3 a5 25. Bf4 Bxf4 26. Nxf4 b5 27. Rc5
Nxf4+ 28. gxf4 Rxd4 29. Rxb5 Rxf4 30. Rc4 Rf5 31. Rxf5 exf5 32. b4 Rb8 33. bxa5
Rxb2+ 34. Ke3 Ra2 35. Rc5 f4+ 36. Kxf4 Rxf2+ 37. Kg3 Ra2 38. Kf3 g5 39. g3 Ra4
40. Rb5 f6 41. Kg2 Kg6 42. Kh3 Ra2 43. Kg4 Ra3 44. Kh3 Ra2 45. Kg4 Rf2 46. Kh3
h5 47. g4 Rf3+ 48. Kg2 hxg4 49. a6 Ra3 50. Rb6 g3 51. Rc6 g4 52. Rc4 Kg5 53. Rc8
Rxa6 54. Kxg3 Ra3+ 55. Kg2 f5 56. Rc7 Ra2+ 57. Kg1 f4 58. Rg7+ Kh4 0-1

[Event "Reykjavik Open 2026"]
[Site "Reykjavik ISL"]
[Date "2026.03.27"]
[Round "4.1"]
[White "Razafindratsima, Timothe"]
[Black "Tabatabaei, M. Amin"]
[Result "0-1"]
[WhiteTitle "IM"]
[BlackTitle "GM"]
[WhiteElo "2504"]
[BlackElo "2700"]
[WhiteFideId "36069884"]
[BlackFideId "12521213"]
[EventDate "2026.03.25"]

1. e4 d6 2. d4 Nf6 3. Nc3 e5 4. Nf3 Nbd7 5. Rg1 c6 6. g4 h6 7. Be3 Be7 8. dxe5
Nxe5 9. Nxe5 dxe5 10. Qf3 Be6 11. h4 Nd7 12. g5 hxg5 13. hxg5 Nf8 14. Rd1 Qa5
15. Rh1 Bg4 16. Qxg4 Rxh1 17. Bd2 Qb6 18. Qf3 Rg1 19. Ne2 Rxg5 20. Bxg5 Bxg5 21.
Qc3 Ng6 22. Ng3 Bh4 23. Rd2 Bxg3 24. fxg3 Rd8 25. Rxd8+ Kxd8 26. Qf3 Ke8 27. Qf5
Qe3+ 28. Kd1 Qd4+ 29. Bd3 Ne7 30. Qh3 Kf8 31. Ke2 Qxb2 32. Qd7 Qd4 33. Qxb7 g6
34. a4 Qc5 35. a5 Qxa5 36. Qb8+ Kg7 37. Qd6 Ng8 38. Qxc6 Nf6 39. Qc8 Nh5 40. Qh3
Qc5 41. Qh2 a5 42. Qf2 Qxf2+ 43. Kxf2 a4 44. c4 a3 45. Bb1 Kf8 46. c5 Ke7 47.
Ba2 Ng7 0-1

[Event "Reykjavik Open 2026"]
[Site "Reykjavik ISL"]
[Date "2026.03.27"]
[Round "4.2"]
[White "Magold, Filip"]
[Black "Tari, Aryan"]
[Result "1/2-1/2"]
[WhiteTitle "IM"]
[BlackTitle "GM"]
[WhiteElo "2484"]
[BlackElo "2642"]
[WhiteFideId "1254456"]
[BlackFideId "1510045"]
[EventDate "2026.03.25"]

1. e4 e5 2. Nf3 Nc6 3. Bb5 a6 4. Ba4 Nf6 5. O-O b5 6. Bb3 Bc5 7. a4 Rb8 8. axb5
axb5 9. d3 d6 10. Be3 O-O 11. h3 Bxe3 12. fxe3 Ne7 13. Nc3 c6 14. Ra7 Ng6 15.
Qd2 Qb6 16. Rfa1 Bb7 17. Ne2 Ra8 18. Rxa8 Rxa8 19. Rxa8+ Bxa8 20. Ng3 c5 21. Ng5
Nh8 22. c4 h6 23. Nf3 b4 1/2-1/2

[Event "Reykjavik Open 2026"]
[Site "Reykjavik ISL"]
[Date "2026.03.27"]
[Round "4.3"]
[White "Maurizzi, MarcAndria"]
[Black "Zhou, Jianchao"]
[Result "1/2-1/2"]
[WhiteTitle "GM"]
[BlackTitle "GM"]
[WhiteElo "2614"]
[BlackElo "2584"]
[WhiteFideId "36083534"]
[BlackFideId "8603537"]
[EventDate "2026.03.25"]

1. e4 e6 2. d4 d5 3. e5 c5 4. c3 Bd7 5. Nf3 Nc6 6. Be2 Nge7 7. h4 cxd4 8. cxd4
h5 9. Na3 Nf5 10. Nc2 Nb4 11. Nxb4 Bxb4+ 12. Kf1 Qb6 13. a4 O-O-O 14. Bd2 a5 15.
Bxb4 Qxb4 16. Qe1 Qxe1+ 17. Kxe1 Rdf8 18. Kd2 Ne7 19. Rhc1+ Kb8 20. Bd3 f6 21.
Ke3 Rc8 22. b3 Be8 23. Rxc8+ Kxc8 24. Rc1+ Kd7 25. g3 1/2-1/2

[Event "Reykjavik Open 2026"]
[Site "Reykjavik ISL"]
[Date "2026.03.27"]
[Round "4.4"]
[White "Deac, Bogdan-Daniel"]
[Black "Makkar, Rajat"]
[Result "1/2-1/2"]
[WhiteTitle "GM"]
[BlackTitle "IM"]
[WhiteElo "2655"]
[BlackElo "2418"]
[WhiteFideId "1226380"]
[BlackFideId "36016810"]
[EventDate "2026.03.25"]

1. e4 e5 2. d3 Nc6 3. Nc3 Bc5 4. Nf3 Nf6 5. Na4 Be7 6. c4 d6 7. Be2 Bg4 8. Be3
Nd7 9. Nc3 Bxf3 10. Bxf3 Nc5 11. g3 Bg5 12. O-O O-O 13. Bg2 Bxe3 14. fxe3 Ne7
15. Bh3 c6 16. Qe2 a5 17. d4 Nd7 18. Rad1 exd4 19. exd4 Qc7 20. Rf2 Rae8 21. Qg4
Nb6 22. b3 Ng6 23. Qh5 a4 24. c5 dxc5 25. dxc5 Nc8 26. Nxa4 Rxe4 27. Rd7 Qa5 28.
Rxb7 Nd6 29. Rb6 Re5 30. Qg4 Ne4 31. Rf1 Qd2 32. Rxc6 Qe3+ 33. Kg2 Qd2+ 34. Kg1
Qe3+ 35. Kg2 Rd5 36. Qf3 Rd2+ 37. Kh1 Qxf3+ 38. Rxf3 Ng5 39. Rf1 Nxh3 40. Rd6
Rxd6 41. cxd6 Rd8 42. Kg2 Ng5 43. Rd1 Ne4 44. d7 Ne5 45. Nb6 Nc5 46. b4 Ncxd7
47. a4 Kf8 48. a5 Ke7 49. Nd5+ Kd6 50. b5 Kc5 51. Nc7 Nc4 52. Rd5+ Kb4 53. Rd4
Kc3 54. Rf4 Nde5 55. a6 Nb6 56. Re4 Rd2+ 57. Kf1 f6 58. Ne6 g6 59. Re2 Rd5 60.
Nc7 Rc5 61. Ne8 f5 62. a7 Nec4 63. Nf6 Rxb5 64. Ra2 Na8 65. Nxh7 Kd3 66. Kf2 Ne5
67. Ng5 Rb7 68. Ne6 Kc4 69. h4 Kd5 70. Nf4+ Kd6 71. Ra6+ Rb6 72. Rxb6+ Nxb6 73.
Kg2 Kc6 74. h5 gxh5 75. Nxh5 Nf7 76. Ng7 Nd6 1/2-1/2